<?xml version="1.0" encoding="UTF-8"?><?xml-stylesheet type="text/xsl" href="static/style.xsl"?><OAI-PMH xmlns="http://www.openarchives.org/OAI/2.0/" xmlns:xsi="http://www.w3.org/2001/XMLSchema-instance" xsi:schemaLocation="http://www.openarchives.org/OAI/2.0/ http://www.openarchives.org/OAI/2.0/OAI-PMH.xsd"><responseDate>2026-04-13T01:42:17Z</responseDate><request verb="GetRecord" identifier="oai:www.recercat.cat:2117/424608" metadataPrefix="marc">https://recercat.cat/oai/request</request><GetRecord><record><header><identifier>oai:recercat.cat:2117/424608</identifier><datestamp>2025-07-23T04:10:19Z</datestamp><setSpec>com_2072_1033</setSpec><setSpec>col_2072_452951</setSpec></header><metadata><record xmlns="http://www.loc.gov/MARC21/slim" xmlns:dcterms="http://purl.org/dc/terms/" xmlns:xsi="http://www.w3.org/2001/XMLSchema-instance" xmlns:doc="http://www.lyncode.com/xoai" xsi:schemaLocation="http://www.loc.gov/MARC21/slim http://www.loc.gov/standards/marcxml/schema/MARC21slim.xsd">
   <leader>00925njm 22002777a 4500</leader>
   <datafield ind2=" " ind1=" " tag="042">
      <subfield code="a">dc</subfield>
   </datafield>
   <datafield ind2=" " ind1=" " tag="720">
      <subfield code="a">Manyer i Fuertes, Pau</subfield>
      <subfield code="e">author</subfield>
   </datafield>
   <datafield ind2=" " ind1=" " tag="260">
      <subfield code="c">2024-10-17</subfield>
   </datafield>
   <datafield ind2=" " ind1=" " tag="520">
      <subfield code="a">The study of Magnetohydrodynamics (MHD) for plasma systems circulating in tokamaks is crucial for improving and developing more efficient and&#xd;
functional nuclear fusion reactors, advancing in the research of a new clean&#xd;
and sustainable source of energy. Nonetheless, MHD simulations must be&#xd;
provided with an initial configuration of the plasma, frequently based on the&#xd;
equilibrium state.&#xd;
The Grad-Shafranov equation models the equilibrium balancing the plasma&#xd;
pressure and the magnetic confinement in a nuclear reactor for an axisymmetrical plasma system, yielding as a result the poloidal magnetic flux ψ field&#xd;
used notably to visualise the shape of the magnetically confined plasma crosssection. Following guidelines from [1] and [2], EQUILI has been developed as&#xd;
a new independent and functional module inside the high performance computing (HPC) multiphysics Finite Elements (FE) code ALYA [3]. EQUILI&#xd;
solves for a given tokamak geometry the Grad-Shafranov equation using an&#xd;
iterative CutFEM solver.&#xd;
CutFEM is part of a branch of FE methods characterised by an unfitted&#xd;
computational mesh, where geometries and domains are embedded and interfaces are parametrized using level-set functions. This particular method is&#xd;
adapted for problems where interfaces are affected by large deformations and&#xd;
resizing, thus making it well-suited to address magnetically confined plasma&#xd;
equilibrium problems.&#xd;
While the tokamak’s confining magnets’ currents and positions can be individually adjusted to accommodate a variety of plasma pressure and current&#xd;
profiles in terms of plasma positioning and shaping, the current carried by&#xd;
the plasma depends directly on its cross-section shape, which at the same&#xd;
time is affected by the plasma current self-induced magnetic field. Due to&#xd;
this coupling, the problem needs to be solved using an iterative solver and&#xd;
having the plasma shape not fixed and free (free-boundary problem) to evolve&#xd;
towards the equilibrium configuration, while being constraint by its own circulating current. Therefore, the flexible and deformable nature of the plasma&#xd;
cross-section demands in fact the implementation of a FE method that can&#xd;
deal with this plasticity and must be able to easily track such changes in the&#xd;
plasma/vacuum interface geometry.&#xd;
The module was validated against several ITER equilibrium formulations&#xd;
and a rigorous sensibility test was performed, considering variations in the&#xd;
poloidal field coils’ currents conforming the axisymmetrical nuclear fusion&#xd;
reactor.</subfield>
   </datafield>
   <datafield tag="653" ind2=" " ind1=" ">
      <subfield code="a">Àrees temàtiques de la UPC::Matemàtiques i estadística::Anàlisi numèrica::Mètodes en elements finits</subfield>
   </datafield>
   <datafield tag="653" ind2=" " ind1=" ">
      <subfield code="a">Magnetohydrodynamics</subfield>
   </datafield>
   <datafield tag="653" ind2=" " ind1=" ">
      <subfield code="a">Finite element method</subfield>
   </datafield>
   <datafield tag="653" ind2=" " ind1=" ">
      <subfield code="a">High performance computing</subfield>
   </datafield>
   <datafield tag="653" ind2=" " ind1=" ">
      <subfield code="a">Plasma Equilirium</subfield>
   </datafield>
   <datafield tag="653" ind2=" " ind1=" ">
      <subfield code="a">Grad-Shafranov equations</subfield>
   </datafield>
   <datafield tag="653" ind2=" " ind1=" ">
      <subfield code="a">Alya Framework</subfield>
   </datafield>
   <datafield tag="653" ind2=" " ind1=" ">
      <subfield code="a">CutFem</subfield>
   </datafield>
   <datafield tag="653" ind2=" " ind1=" ">
      <subfield code="a">Magnetohidrodinàmica</subfield>
   </datafield>
   <datafield tag="653" ind2=" " ind1=" ">
      <subfield code="a">Elements finits, Mètode dels</subfield>
   </datafield>
   <datafield tag="653" ind2=" " ind1=" ">
      <subfield code="a">Càlcul intensiu (Informàtica)</subfield>
   </datafield>
   <datafield ind2="0" ind1="0" tag="245">
      <subfield code="a">EQUILI module in ALYA: a free-boundary GradShafranov equation solver using CutFEM</subfield>
   </datafield>
   <datafield ind2="0" ind1="0" tag="245">
      <subfield code="a">Development of new EQUILI module for ALYA: implementation of a free-boundary solver for the Grad-Shafranov equation</subfield>
   </datafield>
</record></metadata></record></GetRecord></OAI-PMH>